Uncle Tom's cabin

Guardat en:
Dades bibliogràfiques
Autor principal: Harriet Beecher Stowe
Format: Llibre
Idioma:Undetermined
Publicat: London Everyman's Library 1995
Matèries:
Etiquetes: Afegir etiqueta
Sense etiquetes, Sigues el primer a etiquetar aquest registre!
Thư viện lưu trữ: Trung tâm Học liệu Trường Đại học Cần Thơ
LEADER 00513nam a2200181Ia 4500
001 CTU_36047
008 210402s9999 xx 000 0 und d
082 |a 813.4 
082 |b S892 
100 |a Harriet Beecher Stowe 
245 0 |a Uncle Tom's cabin 
245 0 |c Harriet Beecher Stowe 
260 |a London 
260 |b Everyman's Library 
260 |c 1995 
650 |a american fiction,american literature - 19th century 
904 |i Minh, 000406 
980 |a Trung tâm Học liệu Trường Đại học Cần Thơ